[Event "Preinscritos IRT Online"]
[Site "Chess.com INT"]
[Date "2020.12.26"]
[Round "9"]
[White "Robles Rosero, Jerzy Alexander"]
[Black "Pilataxi Sanchez, Julen Alexander"]
[Result "1/2-1/2"]
[WhiteElo "1311"]
[BlackElo "1686"]
[PlyCount "125"]
[EventDate "2020.12.26"]
[EventType "swiss"]
[EventRounds "11"]
[EventCountry "ECU"]
[SourceTitle "CBM 200 Extra"]
[Source "ChessBase"]
[SourceDate "2021.03.31"]
[SourceVersion "1"]
[SourceVersionDate "2021.03.31"]
[SourceQuality "1"]

1. d4 Nf6 2. Nc3 g6 3. e4 d6 4. Nf3 Bg7 5. Bd3 0-0 6. Be3 e5 7. dxe5 dxe5 8. Nxe5 Re8 9. Nf3 Nc6 10. 0-0 Bg4 11. Rb1 Nd4 12. Bxd4 Qxd4 13. Nxd4 Bxd1 14. Rfxd1 Rad8 15. Nf3 c6 16. h3 b5 17. a3 a5 18. Kf1 b4 19. axb4 axb4 20. Ne2 Nxe4 21. Bxe4 Rxd1+ 22. Rxd1 Rxe4 23. Ned4 c5 24. Nb3 Bxb2 25. Nxc5 Rc4 26. Nd3 Ba3 27. Rd2 Kg7 28. Ke2 Kf6 29. Ke3 h5 30. Nfe5 Rh4 31. Nd7+ Kf5 32. N7c5 g5 33. Kf3 g4+ 34. hxg4+ Rxg4 35. Nb3 h4 36. Nbc1 Rd4 37. Ne2 Rc4 38. Nec1 Rd4 39. Nb3 Rc4 40. Ndc5 Rf4+ 41. Ke3 Rg4 42. Rd5+ Kf6 43. Kf3 Rc4 44. Rd2 Kf5 45. g3 h3 46. Nd3 Rc3 47. g4+ Kg5 48. Kg3 f5 49. gxf5 Kxf5 50. Kxh3 Ke4 51. Kg3 Rc6 52. f3+ Ke3 53. f4 Rg6+ 54. Kh4 Bc1 55. Nbxc1 Kxd2 56. f5 Rf6 57. Kg5 Rf8 58. Nb3+ Kxc2 59. Nbc5 Kc3 60. Ne5 b3 61. Nxb3 Kxb3 62. Kg6 Rxf5 63. Kxf5 1/2-1/2

[Event "Preinscritos IRT Online"]
[Site "Chess.com INT"]
[Date "2020.12.26"]
[Round "1"]
[White "Sanchez Villarreal, Dario Andres"]
[Black "Pilataxi Sanchez, Julen Alexander"]
[Result "0-1"]
[WhiteElo "776"]
[BlackElo "1686"]
[PlyCount "78"]
[EventDate "2020.12.26"]
[EventType "swiss"]
[EventRounds "11"]
[EventCountry "ECU"]
[SourceTitle "CBM 200 Extra"]
[Source "ChessBase"]
[SourceDate "2021.03.31"]
[SourceVersion "1"]
[SourceVersionDate "2021.03.31"]
[SourceQuality "1"]

1. e4 c5 2. Nf3 d6 3. Nc3 Nf6 4. Bc4 g6 5. 0-0 Bg7 6. b3 0-0 7. d3 Nc6 8. d4 cxd4 9. Nxd4 Nxd4 10. Qxd4 Bd7 11. e5 dxe5 12. Qh4 a6 13. Bg5 b5 14. Bd3 Qc7 15. Rad1 Qxc3 16. Be4 Be6 17. Bxa8 Rxa8 18. Bxf6 Bxf6 19. Rd3 Qxc2 20. Qe4 Rc8 21. Rfd1 Bf5 22. Rd8+ Kg7 23. Qxc2 Rxc2 24. g3 Rxa2 25. b4 e6 26. Rc1 Bxd8 27. f4 Bb6+ 28. Kf1 Bh3+ 29. Ke1 Rxh2 30. Kd1 Bg4+ 31. Ke1 Bf2+ 32. Kd2 Bxg3+ 33. Kc3 exf4 34. Rc2 Rxc2+ 35. Kxc2 f3 36. Kd1 f2+ 37. Kd2 f1Q 38. Kc3 Be5+ 39. Kc2 Qd1# 0-1